000 00756nmc a2200265 a 4500
003 AR-BaBNM
005 20251128205110.0
008 026019s1989 ||||||||||||||000 | spa||
020 _a968-16-3021-1
040 _cAR-BaBNM
100 1 _aPezeu-Massabuau, Jacques
245 1 0 _aLa vivienda como espacio social
250 _a1ª ed.
260 _aMéxico, D.F.
_bFondo de Cultura Económica
_c1989
300 0 _a214 p.
490 0 _aSección de obras de sociología
504 _aContiene bibliografía en notas a pie de página
650 4 _aSOCIOLOGIA URBANA
650 4 _aCONDICIONES DE VIDA
650 4 _aVIVIENDA
650 4 _aPOLITICA DE LA VIVIENDA
700 1 _aRodríguez Ozán, Leonardo
_etraductor
942 _cBK
998 _csilvi
999 _c9979
_d9979